000 00806nam a2200253Ia 4500
003 OSt
005 20220925233600.0
006 a|||||r|||| 00| 0
007 ta
008 220923b |||||||| |||| 00| 0 eng d
020 _a9789382127154
_c1270.75
037 _bABPL/AD/13-14/36, 11/03/2014, Anne Books Pvt Ltd
_cGeneral Book
040 _aRTL
_cRTL
_beng
041 _2eng
_aeng
082 _aX991, Q3
100 _aSEMOLIC Brane
_9299032
245 0 _aGlobalisation and innovative business models.
260 _a New Delhi
_bAne Books
_c2013
300 _axxx, 267p
_ccm.
650 _aCommerce
700 _a BAISYA Rajat
_9299033
942 _hX991, Q3
_cGB
_2CC
999 _c594051
_d594051